000 00932cam a22002531 4500
001 e 36000005
003 DLC
005 20260227111225.0
008 810807s1936 dcu 000 0 eng
010 _ae 36000005
035 _a(OCoLC)29094244
040 _aDLC
_cMnU
_dOCoLC
_dDLC
042 _apremarc
050 0 0 _aLC1045
_b.A25 no. 183
100 1 _aRoberts, Roy W.,
_d1898-
245 1 0 _aBusiness problems in farming:
260 _aWashington,
_bU.S. Govt. print. off.,
_c1936.
300 _av.
_b71 p.
_c23 cm.
501 _aWith : Consumer-buying in the educational program for home making / Beulah Isabelle Coon. Washington : Govt. Print. Off., 1935. Bound together subsequent to publication.
_5DLC
650 0 _aFarm management.
700 1 _aLathrop, Frank W.
_q(Frank Waldo),
_d1888-
_ejoint author.
710 1 _aUnited States.
_bDepartment of Agriculture.
710 1 _aUnited States.
_bFarm Credit Administration.
999 _c21455
_d21455